Loading...
| Literature - World | 0 | 8 | 0 | 0 | 80 | 49 | 88.00 | 0 | 2 | 18.73 | 37.97 |
| Literature - European | 0 | 7 | 0 | 0 | 70 | 52 | 81.29 | 0 | 1 | 19.52 | 32.02 |
| Fine Arts - Other | 0 | 5 | 0 | 2 | 50 | 88 | 99.80 | 1 | 2 | 3.53 | 17.78 |
| Literature - British | 0 | 4 | 0 | 0 | 40 | 67 | 79.50 | 0 | 1 | 10.70 | 24.49 |
| Fine Arts - Painting and Sculpture | 0 | 4 | 0 | 0 | 40 | 74 | 93.75 | 0 | 0 | 7.21 | 17.42 |
| Philosophy | 0 | 4 | 0 | 0 | 40 | 37 | 72.25 | 0 | 1 | 14.12 | 17.53 |
| Literature - American | 0 | 4 | 1 | 2 | 35 | 74 | 99.75 | 0 | 1 | 6.87 | 15.54 |
| Mythology | 0 | 3 | 0 | 2 | 30 | 109 | 116.00 | 0 | 0 | 0.00 | 5.51 |
| Fine Arts - Classical Music | 0 | 2 | 0 | 0 | 20 | 99 | 113.50 | 0 | 0 | 1.33 | 3.79 |
| History - European | 0 | 2 | 0 | 0 | 20 | 102 | 104.00 | 0 | 0 | 0.00 | 1.77 |
| Religion | 0 | 2 | 0 | 1 | 20 | 46 | 65.00 | 1 | 1 | 7.26 | 14.39 |
| History - Other | 0 | 1 | 0 | 0 | 10 | 100 | 100.00 | 0 | 0 | 0.90 | 1.52 |
| History - American | 0 | 1 | 0 | 0 | 10 | 110 | 110.00 | 0 | 0 | 0.00 | 1.01 |
| Geography | 0 | 1 | 0 | 0 | 10 | 90 | 90.00 | 0 | 1 | 1.56 | 11.43 |
| Science - Biology | 0 | 1 | 0 | 0 | 10 | 101 | 101.00 | 0 | 0 | 0.97 | 1.52 |
| History - World | 0 | 1 | 0 | 0 | 10 | 80 | 80.00 | 0 | 0 | 2.54 | 5.30 |